ČSSR zdravotnictví 1987

Gespeichert in:
Bibliographische Detailangaben
Format: Buch
Sprache:Tschechisch
Veröffentlicht: Praha Ústav zdravotnických informací a statistiky 1987
Tags: Tag hinzufügen
Keine Tags, Fügen Sie das erste Tag hinzu!

MARC

LEADER 00000nam a2200000 4500
001 c024585
005 20251111093059.2
041 0 |a cze 
044 |a CZ 
245 1 0 |a ČSSR zdravotnictví 1987 
264 1 |a Praha  |b Ústav zdravotnických informací a statistiky  |c 1987 
300 |a 470 s.